LEADER 00480nab a2200145 i 4500 001 000000282495 003 CaOOAMICUS 005 20180831165220.0 008 180831n xx uu u0 0und r 013 $a35356 040 $aSeMil$bita 245 12$aL'amplificazione. - 24 p. - Titolo dalla copertina. 500 $aGennaio-Marzo 1992. 773 0 $t[1992-1994].$dBologna : EDB, 1992-1994.$w()235496 996 $6245$aL'amplificazione. - 24 p. - Titolo dalla copertina$9(OLS)http://semarc/title/364552 LEADER 00779naa a2200157 i 4500 001 000000294741 003 CaOOAMICUS 005 20180831172512.0 008 180831n xx u000 u und u 013 $a2018 040 $aSeMil$bita 100 1 $aDonati, Pierpaolo,$d<1946- >.$0(OLS)http://semarc/name/89 245 10$aPresentazione ; Equità generazionale :$bun nuovo confronto sulla qualità familiare. 650 4$aFamiglia - Studi.$0(OLS)http://semarc/subject/5647 773 0 $aBlangiardo, Gian Carlo$tSecondo rapporto sulla famiglia in Italia.$dCinisello Balsamo : Edizioni Paoline, copyr. 1991.$kFamiglia nel mondo contemporaneo$z88-215-2157-5$w()44159 996 $6245$aPresentazione ; Equità generazionale :$bun nuovo confronto sulla qualità familiare$9(OLS)http://semarc/title/370810